Основні елементи теорії ринкової системи (Запис № 307746)

МАРК-запис
000 -Лідер
fixed length control field 00639nam a22002537a 4500
003 - Ідентифікатор контрольного номера
control field UA-OsUOA
001 - Контрольний номер
control field 21545
007 - Фіксоване поле фізичного опису
fixed length control field ta
008 - Елементи даних фіксованої довжини – загальна інформація
fixed length control field 20031211b un ||||| |||| 00| 0 ukr d
090 ## - Локальний шифр розміщення
Класифікаційний індекс УДК 338.242
Авторський знак (НП) Г124
040 ## - Джерело каталогізації
Агенція оригінальної каталогізації UA-OsUOA
Мова каталогізації ukr
Агенція, яка здійснювала перезапис UA-OsUOA
Агенція, яка здійснювала модифікацію UA-OsUOA
041 ## - Код мови
Код мови тексту/ звукової доріжки чи окремого заголовка (П) ukr
080 ## - Індекс Універсальної десяткової класифікації
Індекс Універсальної десяткової класифікації (УДК) (НП) 338.242
020 ## - Міжнародний стандартний книжковий номер (ISBN)
Міжнародний стандартний книжковий номер (ISBN) (НП) 5-12-003271-0
044 ## - Код країни видавця/ виробника
Код країни видавця/ виробника (П) UA
100 ## - Основне введення – ім’я особи
Ім’я особи (НП) Гаврилишин Олег
245 ## - Відомості про назву
Назва (НП) Основні елементи теорії ринкової системи
260 ## - Публікація, розповсюдження і т.п. (Вихідні дані)
Місце публікації, розповсюдження і т.п. (П) Київ
Ім’я/ наймення видавництва, розповсюджувача і т.п. (П) Наукова думка
Дата публікації, розповсюдження і т.п. (П) 1992
300 ## - Фізичний опис
Обсяг 128 с.
650 #7 - Додаткове предметне введення – тематичний термін
Джерело заголовка чи терміна UDC
942 ## - Додаткові елементи входу (Коха)
Тип елемента Koha Книги
955 ## - Код типу видання за змістом
Код типу видання за змістом (НП) інше
Фонди
Стан вилучень Стан втрат Джерело класифікації або схеми стелажів Стан уражень Не для кредиту Постійне місце розташування Поточне розміщення Дата придбання Інвентарний номер Усього замовленно Повний номер виклику Штрих-код Дата останнього перегляду Ціна ефективна від Тип елемента Koha Вартість, звичайна ціна покупки
    Universal Decimal Classification     АБ - Абонемент НБ АБ - Абонемент НБ 28/01/2013 1244   338.242 Г124 1244 12/04/2022 11/12/2003 Книги  
    Universal Decimal Classification     АБ - Абонемент НБ АБ - Абонемент НБ 08/02/2005 3346   338.242 Г124 3346 14/06/2022 11/12/2003 Книги 5.00
    Universal Decimal Classification     ЧЗ - Читальна зала ЧЗ - Читальна зала 11/12/2003 66083   338.242 Г124 66083 06/02/2022 11/12/2003 Книги 5.00
    Universal Decimal Classification     ЧЗ - Читальна зала ЧЗ - Читальна зала 11/12/2003 66084   338.242 Г124 66084 06/02/2022 11/12/2003 Книги 5.00
    Universal Decimal Classification     ЧЗ - Читальна зала ЧЗ - Читальна зала 11/12/2003 66085   338.242 Г124 66085 06/02/2022 11/12/2003 Книги 5.00